| 000 | 00714nam a22002057a 4500 | ||
|---|---|---|---|
| 999 |
_c181842 _d181842 |
||
| 005 | 20211007110149.0 | ||
| 010 | _aB-741709 | ||
| 020 |
_a9789353793111 _c450.00 |
||
| 035 | _aB-741709 | ||
| 037 | _aGift | ||
| 082 | _a881.08 | ||
| 100 | _aDharamdeep | ||
| 245 |
_aM.E.G.-1,British Poetry / _cDharamdeep |
||
| 260 |
_a Delhi _bNeeraj Publications _c202? |
||
| 270 |
_a1507,Ist Floor,Nai Sarak _b Delhi _e110006 _k011-23260329,45704411, 23244362, 23285501 _minfo@neerajignoubooks.com |
||
| 300 |
_a356p. _c24cm(pbk) |
||
| 500 | _aI.G.N.O.U. Based Queation Bank Cum Chapterwise Reference Book | ||
| 942 |
_2ddc _cEN _mDHA _h881.08 |
||